|
|
|
|
| LEADER |
00000nab a2200000 4500 |
| 001 |
vtls011984019 |
| 003 |
SK-MaSNL |
| 005 |
20260304034550.0 |
| 008 |
200727|2020 xo ||||||||||||00 ||slo| |
| 038 |
|
|
|a PPPK
|
| 040 |
|
|
|a PPPKCL
|b slo
|e rda
|
| 041 |
0 |
|
|a slo
|
| 043 |
|
|
|a e-xo---
|
| 044 |
|
|
|a xo
|c SK
|
| 072 |
|
7 |
|x Dejiny (všeobecne)
|2 konspekt
|
| 080 |
|
|
|a 911.375(091)
|2 2011
|
| 080 |
|
|
|a 614.84
|2 2011
|
| 080 |
|
|
|a 061.2
|2 2011
|
| 100 |
1 |
|
|a Baráthová, Nora,
|d 1944-
|4 aut
|9 163499
|
| 245 |
1 |
0 |
|a Ako sme kedysi hasili - 2. časť
|c Nora Baráthová
|
| 300 |
|
|
|b Fotografie
|
| 336 |
|
|
|a text
|b txt
|2 rdacontent
|
| 337 |
|
|
|a bez média
|b n
|2 rdamedia
|
| 338 |
|
|
|a zväzok
|b nc
|2 rdacarrier
|
| 650 |
0 |
7 |
|a dejiny miest
|2 SNKPH
|9 164833
|
| 650 |
0 |
7 |
|a požiarna ochrana
|2 SNKPH
|9 1501
|
| 650 |
0 |
7 |
|a spolky
|2 SNKPH
|9 4725
|
| 651 |
|
7 |
|a Kežmarok (Slovensko)
|2 SNKPHgeo
|9 26808
|
| 655 |
|
7 |
|a správy
|2 SNKPH
|9 70563
|
| 773 |
0 |
|
|t Noviny Kežmarok : kultúrno-spoločenský mesačník mesta
|g Roč. 5, č. 4 (2020), s. 20
|x 2453-7608
|
| 852 |
|
|
|a PPPK
|b KIS3GCP
|
| 958 |
|
|
|a RG
|
| 999 |
|
|
|c 2653776
|d 2655706
|